Unix on the IBM PC (Record no. 39703)

MARC details
000 -LEADER
fixed length control field 00266nam a2200109Ia 4500
082 ## - DEWEY DECIMAL CLASSIFICATION NUMBER
Classification number 681.14
Item number TWI
100 ## - MAIN ENTRY--AUTHOR NAME
Personal name Twitty, William B
245 #0 - TITLE STATEMENT
Title Unix on the IBM PC
260 ## - PUBLICATION, DISTRIBUTION, ETC. (IMPRINT)
Place of publication New Delhi
Name of publisher Galgotia
Year of publication 1987
942 ## - ADDED ENTRY ELEMENTS (KOHA)
Koha item type Books
Holdings
Withdrawn status Lost status Damaged status Not for loan Home library Current library Date acquired Full call number Accession Number Koha item type
        RRII Library RRII Library 16/12/2021 681.14 TWI 20031 Books